00884cam a22002177a 4500003000500000005001700005008004100022010001000063011001000073035001000083040000900093100003900102245017300141260009100314300002000405490008100425650001800506650002900524700003200553830008100585CHAP20220329142047.0990518 1996 mx b r 00010 spa d a77827 a78799 a88881 cCHAP00aRodríguez Jiménez, L. Socorro.10aListado floristico del estado de Michoacán sección V :b(Angiospermae : Najadaceae-Zygophyllaceae)c/por L. Socorro Rodríguez Jiménez, Judith Espinosa Garduño aPátzcuaro, Mich. :bInstituto de Ecología A.C. Centro Regional del Bajío,c1996. a344 p. :bmapas 0aFlora del Bajío y de Regiones Adyacentes. Fascículo complementariov; 1514aAngiospermas.14aBotánicaxMichoacán.0 aEspinosa Garduño, Judith.0 aFlora del Bajío y de Regiones Adyacentes. Fascículo complementariov; 15